[Event "Morbihan-ch 1213"]
[Site "France"]
[Date "2013.02.23"]
[Round "5"]
[White "Loizil, Joel"]
[Black "Le Pointer, Guilhem"]
[Result "1-0"]
[WhiteElo "1709"]
[BlackElo "1410"]
[PlyCount "79"]
[EventDate "2012.10.27"]
[EventType "swiss"]
[EventRounds "7"]
[EventCountry "FRA"]
[SourceTitle "EXT 2014"]
[Source "ChessBase"]
[SourceDate "2013.11.20"]
[SourceVersion "1"]
[SourceVersionDate "2013.11.20"]
[SourceQuality "1"]

1. e4 e5 2. Nf3 Nc6 3. Bc4 Bc5 4. c3 Nf6 5. d3 h6 6. 0-0 d6 7. h3 g5 8. d4 exd4 9. cxd4 Bb6 10. Re1 Nd7 11. Nc3 Ba5 12. a3 Nb6 13. Ba2 Bxc3 14. bxc3 g4 15. hxg4 Bxg4 16. Qd3 Qd7 17. Bf4 0-0-0 18. Bb3 Rde8 19. a4 Na5 20. Bc2 Nbc4 21. Reb1 h5 22. Nd2 Nxd2 23. Bxd2 b6 24. f3 Bxf3 25. Qxf3 Nc4 26. Bf4 Re6 27. Bd3 Na5 28. e5 d5 29. Bf5 Nc4 30. Bxe6 fxe6 31. Qg3 Qh7 32. Rf1 Qe4 33. Rf2 h4 34. Qh3 Kd7 35. Bg5 Rh5 36. Rf7+ Kc6 37. Qxe6+ Nd6 38. Qd7+ Kb7 39. Qxc7+ Ka6 40. Qxa7# 1-0